000 00506nam a2200169Ia 4500
008 230917s9999||||xx |||||||||||||| ||und||
020 _cRS 575.00
040 _e5007947
_aMAIN
041 _aEnglish
082 _a588 S77I
100 _aSirka, Yashwant
245 0 _aIntroduction to archegoniate plants: Bryophytes, pteridophytes and gymnosperms
260 _aNew Delhi
_bAcademic Aspirations
_c2021
300 _aviii, 328 p.
500 _a4511 27/01/2022 HBD22/9217 27/01/2022 Main Budget
942 _cBK
999 _c5328
_d5328